000 01645nam a2200481 i 4500
001 37996
003 KOSZ 005
005 20210430114314.0
008 000529s1999 pl a f |000 0 pol
015 _aUWD 2000/11694
035 _a991014003749705066
035 _a(PL-WaBN)b13765310-48omnis_nlop
035 _ab13765310
035 _a(OCoLC)749676895
035 _a(PL)b0000001376531
035 _a(EXLNZ-48OMNIS_NETWORK)9910528625405606
040 _aWA N
_cWA N
_dKOSZ 005/HR
041 0 _apol
046 _k1999
080 _a62-505
080 _a681.5
245 0 0 _aWybrane mechatroniczne układy pomiarowe i wykonawcze /
_cFranciszek Siemieniako [et al.].
260 _aBiałystok :
_bDział Wydawnictw i Poligrafii PB,
_c1999.
300 _a76 s. :
_bil. ;
_c23 cm.
336 _aTekst
_btxt
_2rdacontent
337 _aBez urządzenia pośredniczącego
_bn
_2rdamedia
338 _aWolumin
_bnc
_2rdacarrier
380 _aKsiążki
380 _aPublikacje naukowe
388 _a1901-2000
388 _a1989-2000
490 1 _aRozprawy Naukowe / Politechnika Białostocka,
_x0867-096X ;
_vnr 61
504 _aBibliogr.
650 7 _aMechatronika
_2DBN
650 7 _aUrządzenia
658 _aInżynieria i technika
700 1 _aSiemieniako, Franciszek
_d(1943-2014)
_eAutor
710 2 _aOficyna Wydawnicza Politechniki Białostockiej
_4pbl
830 0 _aRozprawy Naukowe - Politechnika Białostocka
_vnr 61
856 _uhttp://koha.tu.koszalin.pl/cgi-bin/koha/opac-detail.pl?biblionumber=37996
_yKatalog online BPK
942 _2UKD
_cKS
999 _c37996
_d37996